000 00623cam a22002171 4500
001 sa 65005994
003 DLC
005 20260227112140.0
008 890509s1964 ii 000 0 hino
010 _asa 65005994
035 _a(OCoLC)19684988
040 _aDLC
_cWaU
_dWU
_dDLC
050 0 0 _aHQ10
_b.A585
100 1 _aAnant, Ashfaque Ahemed,
_d1919-
245 1 0 _aNiyojita parivāra:
_bsukha kā ādhā ra. /
_c[lekhka] Ashfaque Ahamada.
250 _a[1. saṃskaran̄a]
260 _aDillī :
_bSubodha Prakāshana,
_c[1964]
300 _a134 p.
_c19 cm.
500 _aIn Hindi.
650 0 _aFamily life education.
999 _c64490
_d64490